| 000 | 00362nam a22001457a 4500 | ||
|---|---|---|---|
| 003 | OSt | ||
| 008 | 220521b ||||| |||| 00| 0 eng d | ||
| 020 | _a978-81-9388-42-6 | ||
| 082 | _a159.923 MUP | ||
| 100 | _aMURPHY, Joseph | ||
| 245 | _aThe Power of Your Subconscious Mind | ||
| 260 |
_aNew Delhi _bOm Sai Tech Book _c2021 |
||
| 300 | _a215 | ||
| 942 |
_2ddc _cBK |
||
| 999 |
_c11228 _d11228 |
||